Histoire de la littérature indienne (Record no. 167874)

MARC details
000 -LEADER
campo de control de longitud fija 00730nam a2200205 i 4500
001 - NÚMERO DE CONTROL
campo de control 167874
003 - IDENTIFICADOR DE NÚMERO DE CONTROL
campo de control ES-MaACL
005 - FECHA Y HORA DE LA ÚLTIMA TRANSACCIÓN
campo de control 20230906213620.0
008 - DATOS DE LONGITUD FIJA--INFORMACIÓN GENERAL
campo de control de longitud fija 050929s1859 fr |||| | fre d
040 ## - FUENTE DE CATALOGACIÓN
Centro catalogador/agencia de origen CAM
Lengua de catalogación spa
Centro/agencia transcriptor CAM
100 1# - ENTRADA PRINCIPAL--NOMBRE DE PERSONA
Nombre de persona Weber, Albert.
9 (RLIN) 133889
245 10 - MENCIÓN DEL TÍTULO
Título Histoire de la littérature indienne
Resto del título : cours professé a l'université de Berlin /
Mención de responsabilidad, etc. par Alfred Weber ; traduit de l'allemand par Alfred Sadous.
260 ## - PUBLICACIÓN, DISTRIBUCIÓN, ETC.
Lugar de publicación, distribución, etc. Paris :
Nombre del editor, distribuidor, etc. A. Durand,
Fecha de publicación, distribución, etc. 1859 (
Lugar de fabricación/manufactura Meaux :
Fabricante Imp. A. Carro)
300 ## - DESCRIPCIÓN FÍSICA
Extensión IX, 495 p. ;
Dimensiones 22 cm.
650 #4 - PUNTO DE ACCESO ADICIONAL DE MATERIA--TÉRMINO DE MATERIA
Término de materia o nombre geográfico como elemento de entrada Literatura india-
Subdivisión general Historia y crítica.
9 (RLIN) 162866
700 1# - ENTRADA AGREGADA--NOMBRE PERSONAL
Nombre de persona Sadous, Alfred.
9 (RLIN) 132267
700 1# - ENTRADA AGREGADA--NOMBRE PERSONAL
Nombre de persona Durand. A.
9 (RLIN) 126885
752 ## - ENTRADA AGREGADA--NOMBRE JERÁRQUICO DEL LUGAR
País o entidad superior Francia -
Ciudad Paris
852 ## - LOCALIZACIÓN
Ubicación ES-MaACL
Número de control de estantería B-12461
Holdings
Estatus retirado Estado de pérdida Estado de daño No para préstamo Colección Biblioteca de origen Biblioteca actual Ubicación en estantería Fecha de adquisición Fuente de adquisición Total de préstamos Signatura topográfica completa Código de barras Visto por última vez Precio de reemplazo Tipo de ítem Koha
        Libros del s. XIX Biblioteca del Ateneo de Madrid Biblioteca del Ateneo de Madrid Sala Pardo Bazán 17/01/2008     B-12461 1176119 23/02/2023 23/02/2023 Libro impreso antiguo